书目信息 |
| 题名: |
庐山会议实录
|
|
| 作者: | 李锐 著 | |
| 分册: | ||
| 出版信息: | 北京 春秋出版社 1989.4 |
|
| 页数: | 377页 | |
| 开本: | 20厘米 | |
| 丛书名: | ||
| 单 册: | ||
| 中图分类: | D229 , K270.5 | |
| 科图分类: | ||
| 主题词: | 中国共产党八届八中全会(1959)--史料 , 中国--现代史--1949~ | |
| 电子资源: | ||
| ISBN: | 7-5069-0199-4 | |
| 000 | 00755nam0 2200253 45 | |
| 001 | 0190015664 | |
| 005 | 20061117095006.17 | |
| 010 | @a7-5069-0199-4@dCNY5.70 | |
| 100 | @a19921223d1989 ekmy0chiy0121 ea | |
| 101 | 0 | @achi |
| 102 | @aCN@b110000 | |
| 105 | @af z 100yy | |
| 200 | 10 | @a庐山会议实录@ALU SHAN HUI YI SHI LU@f李 锐著@FLI RUI ZHU |
| 210 | @a北京@c春秋出版社@a长沙@c湖南教育出版社@d1989.4 | |
| 215 | @a377页@c照片@d20厘米 | |
| 300 | @a内部控制发行 | |
| 540 | 1 | @a庐山 会议 实录@ALU SHAN HUI YI SHI LU |
| 606 | @a中国共产党八届八中全会(1959)@x史料 | |
| 606 | 0 | @a中国@x现代史@z1949~ |
| 690 | @aD229@v三版 | |
| 690 | @aK270.5@v3 | |
| 701 | 0 | @a李锐@ALI RUI@4著 |
| 801 | 0 | @aCN@bTSSF@c20061117 |
| 905 | @a10447@dK270.5@e8 | |
| 庐山会议实录/李 锐著.-北京:春秋出版社;长沙:湖南教育出版社,1989.4 |
| 377页:照片;20厘米 |
| 内部控制发行 |
| ISBN 7-5069-0199-4:CNY5.70 |
| ● |
| 相关链接 |
|
|
|
|
正题名:庐山会议实录
索取号:K270.5/8
 
预约/预借
| 序号 | 登录号 | 条形码 | 馆藏地/架位号 | 状态 | 备注 |
| 1 | 0225996 | 001581381 | 第二样本阅览室/ [索取号:K270.5/8] | 在馆 |